Right Now - One Direction (All Lyrics) - Statistics

General Stats
  • This quiz has been taken 103 times
  • The average score is 193 of 237
Answer Stats
Lyrics % Correct
I
96%
you
96%
now
94%
right
94%
hear
91%
me,
91%
me
91%
the
91%
and
89%
every
89%
here
89%
to
89%
we
89%
can't
87%
feel
87%
were
87%
wish
87%
with
87%
feeling
85%
it
85%
know
85%
know,
85%
be
83%
is
83%
new
83%
everything
81%
go
81%
in
81%
night
81%
'cause
79%
do
74%
for
74%
so
74%
that
74%
yeah
74%
long,
70%
long
70%
on
70%
voices
70%
won't
70%
calling
68%
fight
68%
home
68%
lights
68%
my
68%
own,
68%
own
68%
down
66%
down,
66%
this
66%
but
62%
going
62%
like
57%
I'm
55%
love
53%
songs
53%
street
53%
singing
51%
all
49%
could
49%
forever
49%
how
49%
just
49%
let's
49%
used
49%
friends
47%
together
47%
crazy
45%
late
45%
our
45%
faces
43%
these
40%
spaces
38%
No matching quizzes found
Score Distribution
Percent of People with Each Score
Percentile by Number Answered
Your Score History
You have not taken this quiz